000
00332nam a2200145Ia 4500
100
_a
Mehta N. V.
650
_a
General
942
_c
BK
654
_a
Income Tax Ready Reckoner
245
_a
Income Tax Ready Reckoner1995-96
260
_b
Shri Kuber Pub. House
_a
Bombay
_c
1995
300
_a
328
546
_a
ENGLISH
999
_c
25668
_d
25668